Opciones alternativas (Record no. 18986)
[ view plain ]
| 000 -LEADER | |
|---|---|
| campo de control de longitud fija | 00784nam a2200241 i 4500 |
| 001 - NÚMERO DE CONTROL | |
| campo de control | 18986 |
| 003 - IDENTIFICADOR DE NÚMERO DE CONTROL | |
| campo de control | ES-MaACL |
| 005 - FECHA Y HORA DE LA ÚLTIMA TRANSACCIÓN | |
| campo de control | 20231220194133.0 |
| 007 - CAMPO FIJO DE DESCRIPCIÓN FÍSICA--INFORMACIÓN GENERAL | |
| campo de control de longitud fija | t| |
| 008 - DATOS DE LONGITUD FIJA--INFORMACIÓN GENERAL | |
| campo de control de longitud fija | 020425s2000 sp ||||1| spa d |
| 020 ## - NÚMERO INTERNACIONAL ESTÁNDAR DEL LIBRO | |
| Número Internacional Estándar del Libro | 84-8319-111-3 |
| 080 ## - NÚMERO DE LA CLASIFICACIÓN DECIMAL UNIVERSAL | |
| Número de la Clasificación Decimal Universal | 330.84/86(100) |
| 080 ## - NÚMERO DE LA CLASIFICACIÓN DECIMAL UNIVERSAL | |
| Número de la Clasificación Decimal Universal | 329.1"19" |
| 245 00 - MENCIÓN DEL TÍTULO | |
| Título | Opciones alternativas |
| Resto del título | : reflexiones desde la izquierda para el nuevo siglo / |
| Mención de responsabilidad, etc. | Concha Caballero ... [et al.] ; Jaime Pastor (coord.). |
| 260 ## - PUBLICACIÓN, DISTRIBUCIÓN, ETC. | |
| Lugar de publicación, distribución, etc. | Madrid : |
| Nombre del editor, distribuidor, etc. | Los Libros de la Catarata, |
| Fecha de publicación, distribución, etc. | [2000] |
| 300 ## - DESCRIPCIÓN FÍSICA | |
| Extensión | 201 p. ; |
| Dimensiones | 20 cm. |
| 650 14 - PUNTO DE ACCESO ADICIONAL DE MATERIA--TÉRMINO DE MATERIA | |
| Término de materia o nombre geográfico como elemento de entrada | Ideología- |
| Subdivisión cronológica | S.XX. |
| 9 (RLIN) | 13547 |
| 650 14 - PUNTO DE ACCESO ADICIONAL DE MATERIA--TÉRMINO DE MATERIA | |
| Término de materia o nombre geográfico como elemento de entrada | Socialismo- |
| Subdivisión cronológica | S.XX. |
| 9 (RLIN) | 17164 |
| 700 1# - ENTRADA AGREGADA--NOMBRE PERSONAL | |
| Nombre de persona | Caballero, Concha. |
| 9 (RLIN) | 33075 |
| 700 1# - ENTRADA AGREGADA--NOMBRE PERSONAL | |
| Nombre de persona | Pastor, Jaime, |
| Fechas asociadas al nombre | 1946- |
| 9 (RLIN) | 89478 |
| 852 ## - LOCALIZACIÓN | |
| Ubicación | ES-MaACL |
| Número de control de estantería | L-25444 |
| Sublocalización o colección | R.130201 |
| Estatus retirado | Estado de pérdida | Estado de daño | No para préstamo | Biblioteca de origen | Biblioteca actual | Ubicación en estantería | Fecha de adquisición | Fuente de adquisición | Total de préstamos | Signatura topográfica completa | Código de barras | Visto por última vez | Precio de reemplazo | Tipo de ítem Koha |
|---|---|---|---|---|---|---|---|---|---|---|---|---|---|---|
| Biblioteca del Ateneo de Madrid | Biblioteca del Ateneo de Madrid | Depósito 2 | 17/01/2008 | L-25444 | 1019424 | 23/02/2023 | 23/02/2023 | Libro impreso |
